书目信息 |
| 题名: |
并行端口技术
|
|
| 作者: | 李肇庆 , 韩涛 编著 | |
| 分册: | ||
| 出版信息: | 北京 国防工业出版社 2005.01 |
|
| 页数: | 337页 | |
| 开本: | 26cm | |
| 丛书名: | 最新硬件接口技术应用与开发系列 | |
| 单 册: | ||
| 中图分类: | TP334.7 | |
| 科图分类: | ||
| 主题词: | 并行接口--基本知识 | |
| 电子资源: | ||
| ISBN: | 7-118-03528-9 | |
| 000 | 00972nam 2200265 450 | |
| 001 | 0133084601 | |
| 005 | 20061030162024.59 | |
| 010 | @a7-118-03528-9@dCNY29.00 | |
| 100 | @a20050912d2005 km y0chiy0120 ea | |
| 101 | 0 | @achi |
| 102 | @aCN@b110000 | |
| 105 | @aa a 000yy | |
| 200 | 1 | @a并行端口技术@Abing xing duan kou ji shu@f李肇庆, 韩涛编著@Fli zhao qing,han tao bian zhu |
| 210 | @a北京@c国防工业出版社@d2005.01 | |
| 215 | @a337页@c图@d26cm | |
| 225 | 2 | @a最新硬件接口技术应用与开发系列 |
| 320 | @a有书目。 | |
| 330 | @a本书对并行端口技术的基本知识和操作设计进行了详细、全面的讲述,包括并行接口知识简介、一些简单的人机并行接口、并行接口程序的汇编语言实现等内容。书中不仅介绍了计算机接口和并行总线接口等基础内容 | |
| 410 | 0 | @12001 @a最新硬件接口技术应用与开发系列 |
| 606 | 0 | @a并行接口@x基本知识 |
| 690 | @aTP334.7@v4 | |
| 701 | 0 | @a李肇庆@Ali zhao qing@4编著 |
| 701 | 0 | @a韩涛@Ahan tao@4编著 |
| 801 | 0 | @aCN@c20061030 |
| 905 | @a10447@dTP334.7@eL335 | |
| 并行端口技术/李肇庆, 韩涛编著.-北京:国防工业出版社,2005.01 |
| 337页:图;26cm.-(最新硬件接口技术应用与开发系列) |
| ISBN 7-118-03528-9:CNY29.00 |
| 本书对并行端口技术的基本知识和操作设计进行了详细、全面的讲述,包括并行接口知识简介、一些简单的人机并行接口、并行接口程序的汇编语言实现等内容。书中不仅介绍了计算机接口和并行总线接口等基础内容 |
| ● |
| 相关链接 |
|
|
|
正题名:并行端口技术
索取号:TP334.7/L335
 
预约/预借
| 序号 | 登录号 | 条形码 | 馆藏地/架位号 | 状态 | 备注 |
| 1 | 569298 | 205692981 | 自科库301/301自科库 61排6列5层/ [索取号:TP334.7/L335] | 在馆 | |
| 2 | 569299 | 205692990 | 自科库301/301自科库 61排6列5层/ [索取号:TP334.7/L335] | 在馆 | |
| 3 | 569300 | 205693007 | 自科库301/301自科库 55排4列5层/ [索取号:TP334.7/L335] | 在馆 | |
| 4 | 633184 | 206331842 | 自科库301/301自科库 55排4列5层/ [索取号:TP334.7/L335] | 在馆 |